Production of lemongrass natural soap in Brgy. Plaza Aldea, Tanay, Rizal/ (Record no. 8885)
[ view plain ]
| 000 -LEADER | |
|---|---|
| fixed length control field | 00835nam a22002177i 4500 |
| 003 - CONTROL NUMBER IDENTIFIER | |
| control field | URS |
| 005 - DATE AND TIME OF LATEST TRANSACTION | |
| control field | 20220114153541.0 |
| 008 - FIXED-LENGTH DATA ELEMENTS--GENERAL INFORMATION | |
| fixed length control field | 190206b ||||| |||| 00| 0 eng d |
| 040 ## - CATALOGING SOURCE | |
| Language of cataloging | eng |
| Description conventions | rda |
| Transcribing agency | URS Pililla Library |
| 082 00 - DEWEY DECIMAL CLASSIFICATION NUMBER | |
| Item number | FS BSBA FM84 2015 |
| 100 1# - MAIN ENTRY--PERSONAL NAME | |
| Personal name | Castejon, Rowella A. |
| Relator term | researcher |
| 245 10 - TITLE STATEMENT | |
| Title | Production of lemongrass natural soap in Brgy. Plaza Aldea, Tanay, Rizal/ |
| Statement of responsibility, etc. | Rowella A. Castejon |
| 300 ## - PHYSICAL DESCRIPTION | |
| Extent | xv, 71 leaves; |
| Dimensions | 28 cm. |
| 336 ## - CONTENT TYPE | |
| Content type term | text |
| Content type code | txt |
| Source | rdacontent |
| 337 ## - MEDIA TYPE | |
| Media type term | unmediated |
| Media type code | n |
| Source | rdamedia |
| 338 ## - CARRIER TYPE | |
| Carrier type term | volume |
| Carrier type code | nc |
| Source | rdacarrier |
| 502 ## - DISSERTATION NOTE | |
| Dissertation note | Undergraduate Feasibility Study |
| Degree type | Bachelor of Science in Business Administration Major in Financial Management |
| Name of granting institution | University of Rizal System Pililla |
| 700 1# - ADDED ENTRY--PERSONAL NAME | |
| Personal name | Marindo II, Bienvenido S. |
| Relator term | researcher |
| 700 1# - ADDED ENTRY--PERSONAL NAME | |
| Personal name | Santos, Ma. Cecilia L. |
| Relator term | adviser |
| 942 ## - ADDED ENTRY ELEMENTS (KOHA) | |
| Source of classification or shelving scheme | Dewey Decimal Classification |
| Koha item type | Theses and dissertations |
| Withdrawn status | Source of classification or shelving scheme | Damaged status | Not for loan | Home library | Current library | Shelving location | Date acquired | Total Checkouts | Full call number | Barcode | Date last seen | Price effective from | Koha item type |
|---|---|---|---|---|---|---|---|---|---|---|---|---|---|
| Dewey Decimal Classification | Not For Loan | Pililla College Library | Pililla College Library | General Stacks | 02/06/2019 | FS BSBA FM84 2015 | FS BSBA FM84 2015 | 02/06/2019 | 02/06/2019 | Theses and dissertations |